<?xml version="1.0" encoding="UTF-8"?>
<record
    xmlns:xsi="http://www.w3.org/2001/XMLSchema-instance"
    xsi:schemaLocation="http://www.loc.gov/MARC21/slim http://www.loc.gov/standards/marcxml/schema/MARC21slim.xsd"
    xmlns="http://www.loc.gov/MARC21/slim">

  <leader>03461njm a2200553Ia 4500</leader>
  <controlfield tag="001">23850</controlfield>
  <controlfield tag="003">IT-RoPAU</controlfield>
  <controlfield tag="005">20220918181210.0</controlfield>
  <controlfield tag="008">131025s9999    xx            000 0 und d</controlfield>
  <datafield tag="040" ind1=" " ind2=" ">
    <subfield code="a">IT-RoPAU</subfield>
  </datafield>
  <datafield tag="040" ind1=" " ind2=" ">
    <subfield code="c">IT-RoPAU</subfield>
  </datafield>
  <datafield tag="999" ind1=" " ind2=" ">
    <subfield code="c">103681</subfield>
    <subfield code="d">103681</subfield>
  </datafield>
  <datafield tag="999" ind1=" " ind2=" ">
    <subfield code="b">n.d.</subfield>
  </datafield>
  <datafield tag="100" ind1=" " ind2=" ">
    <subfield code="a">AA.VV.</subfield>
    <subfield code="9">794</subfield>
  </datafield>
  <datafield tag="100" ind1=" " ind2=" ">
    <subfield code="e">Autore musica</subfield>
    <subfield code="9">6596</subfield>
  </datafield>
  <datafield tag="100" ind1=" " ind2=" ">
    <subfield code="g">Codice autore musica SPICS: 12000</subfield>
    <subfield code="9">796</subfield>
  </datafield>
  <datafield tag="245" ind1=" " ind2=" ">
    <subfield code="a">Souvenir d'Italie (Lp Sm 3029)</subfield>
  </datafield>
  <datafield tag="250" ind1=" " ind2=" ">
    <subfield code="a">1a ed.</subfield>
  </datafield>
  <datafield tag="260" ind1=" " ind2=" ">
    <subfield code="a">MILANO</subfield>
  </datafield>
  <datafield tag="260" ind1=" " ind2=" ">
    <subfield code="b">JOKER - W. GURTLER</subfield>
    <subfield code="c">1969 [1a Ed.:1969]</subfield>
  </datafield>
  <datafield tag="300" ind1=" " ind2=" ">
    <subfield code="a">DISCO</subfield>
  </datafield>
  <datafield tag="500" ind1=" " ind2=" ">
    <subfield code="a">Musiche popolari italiane. Musica folk</subfield>
  </datafield>
  <datafield tag="505" ind1=" " ind2=" ">
    <subfield code="a">Souvenir d'Italie - Core 'ngrato - Accarezzame - Scapricciatello - Maruzzella - 'Na voce 'na chitarra e 'o poco 'e luna - Anema e core - O' ciucciariello - Arrivederci Roma - Canta se la vuoi cantar - Vecchia Roma - Nann&#xEC; - Firenze sogna - Porta un bacione a Firenze - Marieta monta in gondola - Due cuori e una gondola</subfield>
  </datafield>
  <datafield tag="511" ind1=" " ind2=" ">
    <subfield code="a">Len Mercer e la sua Orchestra</subfield>
  </datafield>
  <datafield tag="650" ind1=" " ind2=" ">
    <subfield code="a">STRUMENTALE [DISCHI]</subfield>
    <subfield code="e">Codice MATERIA SPICS: 9950</subfield>
    <subfield code="9">828</subfield>
  </datafield>
  <datafield tag="700" ind1=" " ind2=" ">
    <subfield code="a">Luttazzi Lelio</subfield>
    <subfield code="d">Codice autore musica SPICS: 13480</subfield>
    <subfield code="e">Autore musica</subfield>
    <subfield code="p">Souvenir d'Italie</subfield>
    <subfield code="9">6597</subfield>
  </datafield>
  <datafield tag="700" ind1=" " ind2=" ">
    <subfield code="a">Scarnicci Giulio</subfield>
    <subfield code="d">Codice autore SPICS:  1533</subfield>
    <subfield code="e">Autore</subfield>
    <subfield code="p">Souvenir d'Italie</subfield>
    <subfield code="9">6598</subfield>
  </datafield>
  <datafield tag="700" ind1=" " ind2=" ">
    <subfield code="a">Cardillo Salvatore</subfield>
    <subfield code="d">Codice autore musica SPICS: 13703</subfield>
    <subfield code="e">Autore musica</subfield>
    <subfield code="p">Core 'ngrato</subfield>
    <subfield code="9">6599</subfield>
  </datafield>
  <datafield tag="700" ind1=" " ind2=" ">
    <subfield code="a">Nisa (Salerno Nicola)</subfield>
    <subfield code="d">Codice autore musica SPICS: 13452</subfield>
    <subfield code="e">Autore musica</subfield>
    <subfield code="p">Accarezzame</subfield>
    <subfield code="9">6600</subfield>
  </datafield>
  <datafield tag="700" ind1=" " ind2=" ">
    <subfield code="a">Calvi Pino</subfield>
    <subfield code="d">Codice autore SPICS: 11589</subfield>
    <subfield code="e">Autore</subfield>
    <subfield code="p">Accarezzame</subfield>
    <subfield code="9">6601</subfield>
  </datafield>
  <datafield tag="700" ind1=" " ind2=" ">
    <subfield code="a">Vento Pacifico</subfield>
    <subfield code="d">Codice autore musica SPICS: 13630</subfield>
    <subfield code="e">Autore musica</subfield>
    <subfield code="p">Scapricciatello</subfield>
    <subfield code="9">6602</subfield>
  </datafield>
  <datafield tag="700" ind1=" " ind2=" ">
    <subfield code="a">Albano Ferdinando</subfield>
    <subfield code="d">Codice autore SPICS: 13631</subfield>
    <subfield code="e">Autore</subfield>
    <subfield code="p">Scapricciatello</subfield>
    <subfield code="9">6603</subfield>
  </datafield>
  <datafield tag="700" ind1=" " ind2=" ">
    <subfield code="a">Carosone Renato</subfield>
    <subfield code="d">Codice autore musica SPICS: 9614</subfield>
    <subfield code="e">Autore musica</subfield>
    <subfield code="p">Maruzzella</subfield>
    <subfield code="9">6604</subfield>
  </datafield>
  <datafield tag="700" ind1=" " ind2=" ">
    <subfield code="a">Rossi Carlo Alberto (Cicero)</subfield>
    <subfield code="d">Codice autore musica SPICS: 13130</subfield>
    <subfield code="e">Autore musica</subfield>
    <subfield code="p">'Na voce 'na chitarra e 'o poco 'e luna</subfield>
    <subfield code="9">6605</subfield>
  </datafield>
  <datafield tag="700" ind1=" " ind2=" ">
    <subfield code="a">Calise Ugo</subfield>
    <subfield code="d">Codice autore SPICS: 13719</subfield>
    <subfield code="e">Autore</subfield>
    <subfield code="p">'Na voce 'na chitarra e 'o poco 'e luna</subfield>
    <subfield code="9">6606</subfield>
  </datafield>
  <datafield tag="700" ind1=" " ind2=" ">
    <subfield code="a">Esposito Tony</subfield>
    <subfield code="d">Codice autore musica SPICS: 1121</subfield>
    <subfield code="e">Autore musica</subfield>
    <subfield code="p">Anema e core</subfield>
    <subfield code="9">6607</subfield>
  </datafield>
  <datafield tag="700" ind1=" " ind2=" ">
    <subfield code="a">Oliviero Nino</subfield>
    <subfield code="d">Codice autore musica SPICS: 14018</subfield>
    <subfield code="e">Autore musica</subfield>
    <subfield code="p">O' ciucciariello</subfield>
    <subfield code="9">6608</subfield>
  </datafield>
  <datafield tag="700" ind1=" " ind2=" ">
    <subfield code="a">Giovannini Sandro</subfield>
    <subfield code="d">Codice autore musica SPICS: 13634</subfield>
    <subfield code="e">Autore musica</subfield>
    <subfield code="p">Arrivederci Roma</subfield>
    <subfield code="9">6609</subfield>
  </datafield>
  <datafield tag="700" ind1=" " ind2=" ">
    <subfield code="a">Rascel Renato</subfield>
    <subfield code="d">Codice autore SPICS: 13602</subfield>
    <subfield code="e">Autore</subfield>
    <subfield code="p">Arrivederci Roma</subfield>
    <subfield code="9">6610</subfield>
  </datafield>
  <datafield tag="700" ind1=" " ind2=" ">
    <subfield code="a">Garinei Pietro</subfield>
    <subfield code="d">Codice autore testo/musica SPICS: 13576</subfield>
    <subfield code="e">Autore testo/musica</subfield>
    <subfield code="p">Arrivederci Roma</subfield>
    <subfield code="9">6611</subfield>
  </datafield>
  <datafield tag="700" ind1=" " ind2=" ">
    <subfield code="a">Bixio Cesare Andrea</subfield>
    <subfield code="d">Codice autore musica SPICS: 13441</subfield>
    <subfield code="e">Autore musica</subfield>
    <subfield code="p">Canta se la vuoi cantar</subfield>
    <subfield code="9">6612</subfield>
  </datafield>
  <datafield tag="700" ind1=" " ind2=" ">
    <subfield code="a">Ruccione Mario</subfield>
    <subfield code="d">Codice autore musica SPICS: 13479</subfield>
    <subfield code="e">Autore musica</subfield>
    <subfield code="p">Vecchia Roma</subfield>
    <subfield code="9">6613</subfield>
  </datafield>
  <datafield tag="700" ind1=" " ind2=" ">
    <subfield code="a">Silvestri Franco</subfield>
    <subfield code="d">Codice autore musica SPICS: 13543</subfield>
    <subfield code="e">Autore musica</subfield>
    <subfield code="p">Nann&#xEC;</subfield>
    <subfield code="9">6614</subfield>
  </datafield>
  <datafield tag="700" ind1=" " ind2=" ">
    <subfield code="a">Cesarini Cesare</subfield>
    <subfield code="d">Codice autore musica SPICS: 13620</subfield>
    <subfield code="e">Autore musica</subfield>
    <subfield code="p">Firenze sogna</subfield>
    <subfield code="9">6615</subfield>
  </datafield>
  <datafield tag="700" ind1=" " ind2=" ">
    <subfield code="a">Spadaro Odoardo</subfield>
    <subfield code="d">Codice autore musica SPICS: 1159</subfield>
    <subfield code="e">Autore musica</subfield>
    <subfield code="p">Porta un bacione a Firenze</subfield>
    <subfield code="9">6616</subfield>
  </datafield>
  <datafield tag="700" ind1=" " ind2=" ">
    <subfield code="a">Concina Carlo</subfield>
    <subfield code="d">Codice autore musica SPICS: 13632</subfield>
    <subfield code="e">Autore musica</subfield>
    <subfield code="p">Marieta monta in gondola</subfield>
    <subfield code="9">6617</subfield>
  </datafield>
  <datafield tag="700" ind1=" " ind2=" ">
    <subfield code="a">Leoni Guido</subfield>
    <subfield code="d">Codice autore musica SPICS: 13455</subfield>
    <subfield code="e">Autore musica</subfield>
    <subfield code="p">Due cuori e una gondola</subfield>
    <subfield code="9">6618</subfield>
  </datafield>
  <datafield tag="700" ind1=" " ind2=" ">
    <subfield code="a">Mercer Len</subfield>
    <subfield code="d">Codice interprete SPICS: 13923</subfield>
    <subfield code="e">Interprete</subfield>
    <subfield code="9">6619</subfield>
  </datafield>
  <datafield tag="942" ind1=" " ind2=" ">
    <subfield code="c">MD</subfield>
    <subfield code="2">ddc</subfield>
  </datafield>
  <datafield tag="952" ind1=" " ind2=" ">
    <subfield code="0">0</subfield>
    <subfield code="1">0</subfield>
    <subfield code="4">0</subfield>
    <subfield code="6">23850_000000000000000</subfield>
    <subfield code="7">1</subfield>
    <subfield code="a">SPICS</subfield>
    <subfield code="b">SPICS</subfield>
    <subfield code="d">2013-10-25</subfield>
    <subfield code="l">0</subfield>
    <subfield code="o">23850</subfield>
    <subfield code="r">2013-10-25 00:00:00</subfield>
    <subfield code="w">2013-10-25</subfield>
    <subfield code="y">MD</subfield>
    <subfield code="z">Progr. Ins.: 4697 / N.Vol.: 1 / Copie: 1 - Copia rara: n.d. / date import: 01.01.2014 - By Epidotti, Trombetti, Vaglietti</subfield>
  </datafield>
</record>
